000 00476nmm a2200157Ia 4500
008 251105s9999||||xx |||||||||||||||||und||
020 _a9788496831117
041 _aspa
100 _aRomano, Vicente
245 0 _aLa intoxicación lingüística. El uso perverso de la lengua
264 _a[Madrid, España] :
_bEl Viejo Topo,
_c2007
300 _a204 páginas
650 _aPhilosophy of language
856 _uhttps://public.digitaliapublishing.com/a/57740
942 _cCF
999 _c90126
_d90126